000 01104nam a22003137a 4500
001 2123205
003 OSt
005 20210426100845.0
008 970325s1997 maua b 001 0 eng
010 _a 97003299
020 _a0674069404 (alk. paper)
040 _aDLC
_cDLC
_dDLC
_beng
041 _aeng
050 0 0 _aBS1225.2
_b.K84 1997
080 _a2
_bK-89
082 0 0 _a222/.106/09
_221
100 1 _aKugel, James L.
245 1 4 _aThe Bible as it was /
_cJames L. Kugel.
_b/ by: Belknap Press of Harvard University Press
260 _aCambridge, Mass.
_bBelknap Press of Harvard University Press
_c1997.
300 _axvii, 680 p.
_bill.
_c26 cm.
365 _b35 usd
504 _aIncludes bibliographical references (p. 617-646) and index.
630 0 0 _aBible.
_pPentateuch
_xCriticism, interpretation, etc.
_xHistory.
650 0 _9262
_aReligion
_bHoly Bible
653 _aრელიგია
906 _a7
_bcbc
_corignew
_d1
_eocip
_f19
_gy-gencatlg
942 _2udc
_cBK
999 _c1275
_d1275